Milagros de la Torre, fotografía : (Record no. 629)
[ view plain ]
| 000 -LEADER | |
|---|---|
| campo de control de longitud fija | 01111cam a22002534a 4500 |
| 001 - NÚMERO DE CONTROL | |
| campo de control | 11843223 |
| 005 - FECHA Y HORA DE LA ÚLTIMA TRANSACCIÓN | |
| campo de control | 20220326193325.0 |
| 008 - DATOS DE LONGITUD FIJA--INFORMACIÓN GENERAL | |
| campo de control de longitud fija | 991116s1999 mx a c 000 0 spa |
| 010 ## - NÚMERO DE CONTROL DE LA BIBLIOTECA DEL CONGRESO | |
| Número de control de LC | 99517010 |
| 040 ## - FUENTE DE CATALOGACIÓN | |
| Centro catalogador/agencia de origen | DLC |
| Centro/agencia transcriptor | DLC |
| Centro/agencia modificador | DLC |
| 042 ## - CÓDIGO DE AUTENTICACIÓN | |
| Código de autenticación | pcc |
| 082 00 - NÚMERO DE LA CLASIFICACIÓN DECIMAL DEWEY | |
| Número de clasificación | 779.092 |
| Número de ítem | Z 396m |
| Número de edición | 21 |
| 100 1# - ENTRADA PRINCIPAL--NOMBRE DE PERSONA | |
| Nombre de persona | Torre, Milagros de la. |
| 9 (RLIN) | 2825 |
| 245 10 - MENCIÓN DEL TÍTULO | |
| Título | Milagros de la Torre, fotografía : |
| Resto del título | Museo de Arte Carrillo Gil, del 2 de diciembre de 1998 al 14 de febrero de 1999 / |
| Mención de responsabilidad, etc. | Zaya Antonio (texto) |
| 246 3# - FORMA VARIANTE DEL TITULO | |
| Título propio/Titulo breve | Milagros de la Torre |
| 260 ## - PUBLICACIÓN, DISTRIBUCIÓN, ETC. | |
| Lugar de publicación, distribución, etc. | [México] : |
| Nombre del editor, distribuidor, etc. | Consejo Nacional para la Cultura y las Artes : |
| -- | El Museo : |
| -- | Sociedad de Amigos del Museo Carrillo Gil, |
| Fecha de publicación, distribución, etc. | [1999] |
| 300 ## - DESCRIPCIÓN FÍSICA | |
| Extensión | 51 p. : |
| Otras características físicas | ill. (some col.) ; |
| Dimensiones | 22 cm. |
| 600 10 - PUNTO DE ACCESO ADICIONAL DE MATERIA--NOMBRE DE PERSONA | |
| Nombre de persona | Torre, Milagros de la |
| Subdivisión de forma | Exhibitions. |
| 9 (RLIN) | 2826 |
| 650 #0 - PUNTO DE ACCESO ADICIONAL DE MATERIA--TÉRMINO DE MATERIA | |
| Término de materia o nombre geográfico como elemento de entrada | Photography, Artistic |
| Subdivisión de forma | Exhibitions. |
| 9 (RLIN) | 1562 |
| 700 1# - ENTRADA AGREGADA--NOMBRE PERSONAL | |
| Nombre de persona | Zaya Antonio (texto) |
| 9 (RLIN) | 2827 |
| 710 2# - ENTRADA AGREGADA--NOMBRE DE ENTIDAD CORPORATIVA | |
| Nombre de entidad corporativa o nombre de jurisdicción como elemento de entrada | Museo de Arte Carrillo Gil. |
| 9 (RLIN) | 1953 |
| 906 ## - ELEMENTOS DE DATOS F LOCAL, LDF (RLIN) | |
| a | 7 |
| b | cbc |
| c | orignew |
| d | 3 |
| e | ncip |
| f | 19 |
| g | y-gencatlg |
| Estatus retirado | Estado de pérdida | Fuente del sistema de clasificación o colocación | Estado de daño | No para préstamo | Biblioteca de origen | Biblioteca actual | Ubicación en estantería | Fecha de adquisición | Total de préstamos | Signatura topográfica completa | Código de barras | Visto por última vez | Precio de reemplazo | Tipo de ítem Koha |
|---|---|---|---|---|---|---|---|---|---|---|---|---|---|---|
| Clasificación Decimal Dewey | Biblioteca LadoV | Biblioteca LadoV | 22/05/2015 | 779.092 Z 396m | 000701 | 22/05/2015 | 22/05/2015 | Material 01 |
